Biología acuática / (Registro nro. 16716)
[ vista simple ]
| 000 -CABECERA | |
|---|---|
| Campo de control | 00890cas a2200229 a 4500 |
| 005 - FECHA Y HORA DE LA ULTIMA TRANSACCION | |
| Campo de control | 20180803170113.0 |
| 008 - ELEMENTOS DE LONGITUD FIJA—INFORMACION GENERAL | |
| Campo de control | 830616d19812000ag uu m b 0 b0spa c |
| 022 ## - ISSN | |
| ISSN | 0326-1638 |
| 040 ## - FUENTE DE CATALOGACIÓN | |
| Agencia catalogadora original | ANS |
| Agencia transcriptora | ANS |
| Agencia Modificadora | HUL |
| -- | AIP |
| -- | DLC |
| -- | NST |
| -- | SYS |
| -- | OCLCQ |
| -- | HEBIS |
| -- | GBVCP |
| -- | UKMGB |
| -- | OCLCF |
| -- | OCLCO |
| -- | WAU |
| -- | CO-BoIAVH |
| 041 0# - IDIOMA | |
| Código de idioma para texto/pista de sonido o título separado | Español |
| 044 ## - PAÍS DE PUBLICACIÓN | |
| País de publicación | Argentina |
| 090 ## - CLASIFICACIÓN LOCAL | |
| Colección | SE- |
| 245 00 - MENCION DE TITULO | |
| Título | Biología acuática / |
| Mención de responsabilidad | Instituto de Limnología ILPLA. |
| 260 ## - PUBLICACION, DISTRIBUCION, ETC. (PIE DE IMPRENTA) | |
| Lugar de publicación, distribución, etc. | La plata (Argentina) : |
| Nombre del editor, distribuidor, etc. | Instituto de Limnología "Dr. Raul A. Ringuelet, |
| Fecha de publicación, distribución, etc. | 1981. |
| 300 ## - DESCRIPCION FISICA | |
| Otros detalles físicos | ilustraciones ; |
| Dimensiones | 21-23 cm |
| 504 ## - NOTA DE BIBLIOGRAFIA, ETC. | |
| Nota de bibliografía | Incluye referencias bibliográficas. |
| 650 26 - ASIENTO SECUNDARIO DE MATERIA - TERMINO TEMATICO | |
| Término temático o nombre geográfico como elemento de entrada | Limnología |
| Subdivisión de forma | Publicaciones periódicas |
| 9 (RLIN) | 81388 |
| 650 26 - ASIENTO SECUNDARIO DE MATERIA - TERMINO TEMATICO | |
| Término temático o nombre geográfico como elemento de entrada | Limnología |
| 9 (RLIN) | 93114 |
| 710 2# - ASIENTO SECUNDARIO - NOMBRE CORPORATIVO | |
| Nombre corporativo o de jurisdicción como elemento de entrada | Instituto de Limnología (La Plata, Argentina) |
| 9 (RLIN) | 81390 |
| 776 08 - ADDITIONAL PHYSICAL FORM ENTRY | |
| Display text | Continued online: |
| Title | Biología acuática |
| International Standard Serial Number | 1668-4869 |
| Record control number | (DLC) 2017252267 |
| -- | (OCoLC)985111748 |
| 942 ## - ELEMENTOS ADICIONALES (KOHA) | |
| Sistema de clasificación | Local |
| Tipo de ítem | Periodica o revista |
| Withdrawn status | Lost status | Sistema de Clasificación | Damaged status | No para préstamo | Colección | Fecha publicación (Año) | Número revista | Inventariado | Ubicación Permanente | Ubicación actual | Fecha de adquisición | Fuente de adquisición | Datos de publicación Seriada | Total Checkouts | Número topográfico | Inventario / Código de Barras | Date last seen | Ejemplar | Price effective from | Forma de adquisición | Tipo de material |
|---|---|---|---|---|---|---|---|---|---|---|---|---|---|---|---|---|---|---|---|---|---|
| Local | Hemeroteca | 1992 | 16 | Inventariado 2017 | Bogotá | Bogotá | 06/03/2001 | Fernández, Fernando | Número 16 (01/12/1992) | SE | 006027 | 25/03/2015 | Ej. 1 | 25/03/2015 | Donación | Periodica o revista |